[Event "Budapest zt 1.4"]
[Site "Budapest"]
[Date "2000.06.23"]
[Round "7"]
[White "Acs, Peter"]
[Black "Manik, Mikulas"]
[Result "1/2-1/2"]
[WhiteElo "2542"]
[BlackElo "2469"]
[Annotator "Ribli,Z"]
[PlyCount "81"]
[EventDate "2000.06.17"]
[EventType "swiss"]
[EventRounds "9"]
[EventCountry "HUN"]
[SourceTitle "CBM 078"]
[Source "ChessBase"]
[SourceDate "2000.10.18"]
[SourceVersion "1"]
[SourceVersionDate "2000.10.18"]
[SourceQuality "1"]

{[%mdl 8192]} 1. e4 c5 2. Nf3 e6 3. d4 cxd4 4. Nxd4 a6 5. Bd3 Qb6 {Dieser Zug
wird relativ selten gespielt, er ist hier auch nicht so gut wie nach 5.Nc3.
Der Unterschied ist, dass Weiß beim Aufbau mit 5.Bd3 anschließend c2-c4 ziehen
kann.} 6. Nb3 Qc7 {Die Hauptidee dieser Variante ist, dass der weiße Springer
auf b3 nicht so aktiv steht wie auf d4, und das ist wichtiger als der schwarze
Zeitverlust.} 7. O-O Nf6 8. Be3 {Dieser natürliche Entwicklungszug ist nicht
schlecht, aber ich bin mir nicht ganz sicher, ob der Läufer nach e3 gehört.
Die Alternativen 8.f4 oder 8.c4 sind logischer.} (8. c4 Nc6 (8... b6 9. Nc3 Bb7
10. Qe2 d6 11. Kh1 Nbd7 12. f4 Be7 13. Bd2 Rc8 14. Rae1 Nc5 15. Nxc5 bxc5 16.
e5 Nd7 17. exd6 Qxd6 18. Ne4 Qc6 19. Bc3 Nf6 20. Nd2 Rd8 21. Nf3 O-O 22. Bb1
Rfe8 23. Ne5 Qb6 24. Ng4 Nxg4 25. Qxg4 g6 26. Re3 Bf8 27. Rh3 $36 {1-0 Rohde,
T-Lutz,D/Oberhof 1999/EXT 2000 (53)}) 9. Nc3 Ne5 10. Bf4 d6 11. Rc1 b6 12. Bb1
Be7 13. Nd4 O-O 14. b3 Bb7 15. Bg3 Ned7 16. f4 Nc5 17. Qe2 g6 18. Kh1 {1-0
Anand,V-Vasiukov,E/Coimbatore 1987/EXT 97 (61)}) (8. f4 d6 9. Be3 (9. c4) 9...
Be7 10. c4 O-O 11. Nc3 b6 12. Qf3 Nbd7 13. g4 g6 14. g5 Nh5 {1-0(43) Kengis,
E-Martinovic,S/Weilburg 1996/EXT 97 (14)}) 8... d6 9. c4 {Mit diesem Zug
sichert sich Weiß das Übergewicht im Zentrum.} Nbd7 10. Nc3 Ne5 $5 {Der Pc4
hängt nicht, aber in einigen Varianten muss Weiß mit Nfg4 oder Neg4 rechnen.
Ein weiterer Grund gegen 8.Be3.} (10... b6 11. a4 $5 (11. Rc1 g6 12. f3 Bg7 13.
Qd2 O-O 14. Rfd1 Bb7 15. Bf1 Ne8 16. Nd4 Rc8 17. b4 Qb8 18. Na4 Nef6 19. Nc3
Rfe8 20. Nb3 Bf8 21. a3 Ba8 22. Qd4 Be7 23. Bf2 {1/2-1/2 Sprenger,J-Prusikin,M/
Fuerth 1999/EXT 2000 (23)}) 11... Be7 12. a5 O-O 13. Qe2 Rb8 14. axb6 Nxb6 15.
Na5 Nfd7 16. b4 Ne5 17. Rfc1 Nbd7 18. Rab1 {1-0 Agnos,D-Kreiman,B/Linares 1998/
CBM 62 ext (47)}) 11. f3 Be7 (11... Nxc4 $6 12. Bxc4 Qxc4 13. Rc1 $44 {[%csl
Rc4]}) 12. Rc1 b6 13. Be2 Bb7 {Wir haben eine typische Igelstellung vor uns.
Weiß hat Raumvorteil und ein starkes Zentrum, während Schwarz nur über wenige
aktive Möglichkeiten aber eine solide Stellung verfügt.  Diese Stellung kann
man sowohl aus der Sizilianischen Verteidigung (Paulsen Variante, wie in der
Partie) als auch aus der Englischen Eröffnung (die c5 - Varianten) heraus
erreichen.} 14. Nd4 Ned7 $11 {Schwarz hat keine Schwächen und eine bequeme
Igelstellung.} (14... O-O 15. f4 Ned7 16. f5 e5 17. Nd5 Qd8 $13) 15. Qe1 Rc8 $6
(15... O-O $11) 16. Qg3 g6 {Die sofortige Rochade geht nicht, daher muss
Schwarz seinen Königsflügel schwächen.} (16... O-O 17. Nd5 $1 Qd8 (17... exd5
$2 18. Nf5 {[%cal Rg3g7,Rf5e7]} Nh5 19. Nxe7+ Kh8 20. Qh3 $18) 18. Nxe7+ Qxe7
19. Bg5 $14) 17. Qh3 $14 Qb8 (17... O-O) 18. g4 {Dieser Zug führt zu scharfem
Spiel mit vielen taktischen Motiven. Besser wäre m.E. eine ruhigere
Fortsetzung, denn die Schwächung des Königsflügels durch g6 bietet Weiß immer
Angriffschancen.} (18. Kh1 $14) 18... h6 (18... O-O 19. g5 Ne8 20. f4 $40 (20.
Nxe6 fxe6 21. Qxe6+ Rf7 22. Qxd7 Bxg5 23. Qxf7+ Kxf7 24. Bxg5 $13)) 19. g5 Nh5
20. gxh6 e5 $13 21. Nb3 {Der Springer muss wieder den bescheidenen Platz auf
b3 einnehmen.} (21. Nf5 Bf8 $5 (21... gxf5 22. Qxh5 f4 23. Bf2 $13) 22. Ng7+ $2
Nxg7 23. hxg7 Rxh3 24. g8=Q Nf6 $19) 21... Nf4 $6 (21... Bf8 $5 $15 {[%cal
Gf8h6]}) 22. Bxf4 exf4 23. Nd5 {[%csl Gd5]} Bg5 (23... Bf8 24. h7 $14) 24. h7
$14 {Weiß hat einen Bauern mehr, der Nd5 steht sehr stark. Zwar kann er den
Ph7 nicht langfristig halten, aber es ist auch nicht so leicht für Schwarz,
den Bauern zurück zu gewinnen.} Nf8 25. Qg2 {[%cal Rg2g5,Gg2f2,Gf2b6]} (25.
Nxb6 $2 Qa7 26. c5 Rxc5 27. Nxc5 Qxb6 $17) 25... Ne6 (25... Nxh7 26. Nxb6 Qa7
27. Qf2 Bh4 28. Qxh4 Qxb6+ 29. c5 dxc5 30. Qxf4 {[%cal Rf4e5,Re5e8,Re5h8]} c4+
31. Kg2 $16) 26. Nxb6 Rd8 (26... Qa7 27. Qf2 (27. c5 $2 Rxc5 28. Nxc5 Qxb6 $17)
27... Bh4 28. Qxh4 Qxb6+ 29. Kh1 $16) 27. Nd5 $16 {Weiß hat Materialvorteil,
sein Nd5 steht ausgezeichnet. Die Verwertung des Vorteils ist nicht ganz klar,
weil die schwarzen Felder in der weißen Stellung sehr schwach sind.} Bh4 {
Schwarz möchte den Ne6 von seiner Verteidigungsaufgabe entbinden.} (27... Rxh7
28. Rfd1 $16) 28. Qg4 Rxh7 (28... Bg5 $5 29. h4 $6 Be7 30. h5 Rxh7 31. hxg6 Rg7
$132) 29. Nxf4 {Mit zwei Mehrbauern - so scheint es - hat Weiß gute
Gewinnchancen, aber dank ausgezeichneten Spiels bekommt Schwarz Gegenchancen.}
Bc8 $1 $132 {[%cal Gc8g4][%mdl 2048] Der Läufer stand passiv auf b7, deshalb
ist dieser Zug logisch.} (29... Nc5 $16) 30. Nxe6 Bxe6 31. Qf4 (31. Qg2 $6 Bh3
32. Qxh3 Bf2+ 33. Kg2 Rxh3 34. Kxh3 $13) 31... Qb6+ $138 (31... Qa7+ 32. c5 (
32. Kh1 g5 33. Qd2 Bg3 34. Qd4 Rxh2+ 35. Kg1 Qd7 $40) 32... Bxb3 33. axb3 dxc5
34. Bc4 $14) 32. c5 Qb4 (32... dxc5 33. Bc4 $14) 33. Rfd1 (33. c6 Qb6+ 34. Kh1
g5 35. Qd2 Bg3 $132) 33... dxc5 34. Rxd8+ (34. Qc7 Bxb3 35. axb3 Qxb3 36. Qxc5
(36. Qc6+ Kf8 37. Qxc5+ Kg8 38. Rxd8+ Bxd8 39. Qc8 Kg7 (39... Qe3+ 40. Kh1 $16)
40. Qc3+ $16) 36... Qxb2 37. Qc6+ Kf8 38. Qxa6 $14) 34... Bxd8 35. Nxc5 $2 $138
(35. Qd6 $1 Bb6 36. Kh1 Bxb3 37. axb3 Qxb3 38. Ra1 $1 $18 {[%csl Rb3,Re8][%cal
Re2d1,Rd1a4,Ra4e8]}) 35... Bb6 {[%csl Rc5,Rg1][%cal Gb6g1]} 36. Qb8+ Ke7 37.
Kh1 (37. Kg2 Bh3+ {Dieser Zug ist wichtig, denn in vielen Varianten hängt der
Be6.} 38. Kh1 Qd2 39. Qe5+ Kf8 40. Qb8+ Kg7 41. Qe5+ Kh6 42. Rg1 Bxc5 43. Qxc5
Qxe2 44. Qf8+ Kh5 45. Qc5+ f5 $19) 37... Qxb2 $1 $15 (37... Qd2 $2 38. Qb7+ Kf6
(38... Kf8 39. Nxe6+ fxe6 40. Rc8+ Bd8 41. Rxd8+ Qxd8 42. Qxh7 $18) 39. e5+ $1
Kg7 (39... Kxe5 40. f4+ Kxf4 (40... Kf6 41. Ne4+ $18 {[%cal Re4f6,Re4d2]}) 41.
Qb8+ Kg5 42. Ne4+ $18 {[%cal Re4d2,Re4g5]}) 40. Nxe6+ Kh6 41. Qc8 fxe6 42. Qc4
$18) 38. Rd1 $4 {[%mdl 8192]} (38. Re1 Qc3 39. Qb7+ $6 (39. Nd3 Bc7 40. Qa7
Rxh2+ 41. Kg1 Rh1+ $1 42. Kf2 (42. Kxh1 Qh8+ $19) 42... Rxe1 43. Nxe1 a5 $15)
39... Kf6 40. e5+ Qxe5 41. Nd7+ Bxd7 42. Qxb6+ Be6 43. Qf2 Bxa2 $17) (38. Qb7+
Kf6 39. e5+ Qxe5 40. Nd7+ Bxd7 41. Qxb6+ Kg7 42. Qf2 $15) 38... Qxe2 $19 39.
Qd6+ Ke8 $2 {Ich war in diesem Moment im Turniersaal. Meine Überraschung war
groß, als Schwarz mit diesem Zug Remis anbot..} (39... Kf6 40. Qf4+ Bf5 $1 (
40... Kg7 41. Nxe6+ fxe6 42. Rd7+ $18) 41. Nd7+ Kg7 (41... Ke7 42. Qd6+ $18)
42. Qe5+ Kh6 43. Qf4+ g5 44. Qd6+ (44. Rd6+ Bg6 45. Rxg6+ fxg6 46. Qf8+ Kh5 $19
) 44... f6 45. Qxf6+ Bg6 46. Qf8+ Kh5 $19) 40. Qb8+ (40. Qc6+ Ke7 41. Qd6+ Kf6
$19) 40... Ke7 41. Qd6+ {Dieser Zug kam mit einem Remisangebot, und
offensichtlich hatte Schwarz Angst vor 41...Kf6 (was leicht gewinnt), denn er
nahm das Angebot sofort an. Ich kann das nicht verstehen - die Zeitnot war
vorbei, Schwarz hatte genügend Zeit und der Gewinn ist wirklich nicht
schwierig.} 1/2-1/2

[Event "ARG-World"]
[Site "Buenos Aires"]
[Date "1994.??.??"]
[Round "10"]
[White "Spangenberg, Hugo"]
[Black "Cramling, Pia"]
[Result "1-0"]
[WhiteElo "2510"]
[BlackElo "2515"]
[Annotator "Ribli,Z"]
[PlyCount "59"]
[EventDate "1994.04.??"]
[EventType "schev"]
[EventRounds "10"]
[EventCountry "ARG"]
[SourceTitle "CBM 042"]
[Source "ChessBase"]
[SourceDate "1994.10.01"]
[SourceVersion "1"]
[SourceVersionDate "1994.10.01"]
[SourceQuality "1"]

1. e4 {Bulletin} c5 2. Nf3 e6 3. d4 cxd4 4. Nxd4 a6 5. Bd3 Bc5 6. Nb3 Ba7 7. c4
Nc6 8. Nc3 Nge7 9. O-O Qc7 (9... O-O $5 10. Kh1 e5 11. Qe2 d6 12. Bd2 Be6 $10 {
Tukmakov,V-Liberzon,V/Moskva/1969/}) 10. Kh1 Ne5 11. Bf4 $1 d6 12. Be2 O-O (
12... Nxc4 $2 13. Bxc4 Qxc4 14. Rc1 $18) 13. Rc1 b6 $14 (13... Bd7 $5) (13...
Bd7 {Bulletin}) 14. Bg3 Bb7 15. f4 Nd7 16. Nd4 Nc6 $2 (16... Rac8 $14) (16...
Rac8 {Bulletin}) 17. Ncb5 $1 Qb8 (17... axb5 18. cxb5 Nc5 19. bxc6 Bxc6 20.
Nxc6 Qxc6 21. b4 $18) 18. Nxc6 Bxc6 19. Nxd6 Rd8 20. e5 Nc5 21. Qc2 $1 Nb7 22.
Nxf7 $1 (22. f5 $5) 22... Kxf7 23. Qxh7 Rd2 (23... Rg8 24. Bh5+ Ke7 25. Rcd1
$18) 24. Bh5+ Ke7 25. Qxg7+ Kd8 26. Rf2 Rd7 27. Rd1 Kc7 28. Rxd7+ Bxd7 29. Rd2
Qc8 30. b4 1-0

[Event "INA-ROW m"]
[Site "Bali"]
[Date "1999.05.03"]
[Round "2"]
[White "Adianto, Utut"]
[Black "Torre, Eugenio"]
[Result "1-0"]
[WhiteElo "2607"]
[BlackElo "2557"]
[Annotator "Ribli,Z"]
[PlyCount "53"]
[EventDate "1999.05.??"]
[EventType "team"]
[EventRounds "8"]
[EventCountry "INA"]
[SourceTitle "CBM 071"]
[Source "ChessBase"]
[SourceDate "1999.08.01"]
[SourceVersion "1"]
[SourceVersionDate "1999.08.01"]
[SourceQuality "1"]

{[%mdl 640]} 1. e4 c5 2. Nf3 e6 3. d4 cxd4 4. Nxd4 a6 5. Bd3 Nf6 6. O-O d6 {
Der ehemalige WM-Kandidat spielt eine relativ genügsame Fortsetzung. Das
schlaue 6...Qc7 erscheint mir besser, denn nach 7.c4 bekommt Schwarz mit 7...
Nc6 Schwarz ausreichendes Gegenspiel. Statt 7.c4 muß Weiß dann 7.Qe2 spielen.
Ribli.} 7. c4 Bd7 {Schwarz bereitet den Zug 8...Nc6 vor und möchte nach 9.Nxc6
mit dem Läufer wiedernehmen können.} 8. Nc3 Nc6 9. Nc2 {Dieser Zug wirkt auf
mich logischer als die klassische Alternative 9.Nxc6. Nach dem Textzug stehen
der schwarze Springer c6 und der Läufer d7 etwas unglücklich.} (9. Nxc6 Bxc6
10. b3 Be7 11. Bb2 O-O 12. Qe2 Qa5 $5 13. Rad1 Qh5 14. Qxh5 Nxh5 15. Ba3 (15.
f4 Rfd8 16. Be2 Nf6 17. Bf3 Nd7 18. Ba3 Nc5 19. Kf2 b6 20. Rd2 {1/2-1/2 Almasi,
Z-Rublevsky,S/JUG-chT 1997}) 15... Rfd8 16. Bb1 Nf4 $1 17. g3 {1/2-1/2 Almasi,
Z-Milov,V/Groningen Festival 1998/CBM 69/[Milov,V] (17)}) (9. Be3 Be7 (9... Ne5
10. Be2 Be7 11. f4 Ng6 12. Kh1 O-O 13. Qe1 (13. Qd2 e5 14. fxe5 dxe5 15. Nf5
Bb4 $11 {1/2-1/2 Acs,P-Fogarasi,T/Budapest 1998/CBM 63 ext (30)}) 13... Rc8 14.
Rd1 Kh8 15. b3 Qa5 16. a4 e5 $13 {1-0 Acs,P-Farago,I/Lillafured 1999/CBM 70_07
(36)}) 10. h3 O-O 11. Qd2 Qb8 12. Nxc6 Bxc6 13. a4 Rd8 14. Bb6 Rc8 15. a5 Nd7
16. Bd4 Bf6 17. Bxf6 Nxf6 18. b4 Rd8 19. Qc2 d5 {1/2-1/2 Short,N-Rublevsky,S/
Elista 1998/CBM 66 ext (63)}) 9... Be7 (9... Ne5 10. Be2 Rc8 11. Ne3 Bc6 12. f3
Be7 13. Kh1 Ng6 (13... O-O 14. b3 Ng6 15. Re1 Qc7 16. Bd2 Rfd8 17. Rc1 Qb8 18.
Bf1 Bf8 19. b4 d5 20. exd5 exd5 21. cxd5 Bxd5 22. Ncxd5 Nxd5 23. Nxd5 Rxd5 24.
Bc4 Rd7 25. Qe2 Re7 26. Qf1 Rd7 27. Red1 Rcd8 28. Bc3 {1/2-1/2 Campora,
D-Gheorghiu,F/Dubai (ol) 1986/Inf 42 (28)}) 14. b3 {1/2-1/2 Raaste,E-Kivisto,M/
Espoo 1987/EXT 97 (14)}) 10. b3 {Weiß entwicklet den Läufer in die lange
Diagonale, um die schwarze Königsstellung ins Visier zu nehmen.} (10. Be3 O-O
11. f3 Ne5 12. Be2 Qc7 13. Qd4 Rac8 14. Na3 Rfd8 15. Rac1 Qb8 16. Rfd1 Bc6 17.
Kh1 Ng6 {1/2-1/2 Kalod,R-Votava,J/Olomouc 1997/CBM 61 (29)}) 10... O-O 11. Bb2
Qa5 (11... Rb8 12. Qe2 (12. Kh1) (12. f4 b5 13. cxb5 axb5 $132) 12... Ne5 13.
Rfd1 Qa5 14. Ne3 b5 15. f4 Nxd3 16. Qxd3 Bc6 17. Ncd5 exd5 18. Nf5 $40 {
1/2-1/2 Filipowicz,A-Adamski,J/Mikolajki 1991/EXT 97 (29)}) 12. Kh1 {Ein guter
Prophylaxezug. Weiß entledigt sich eventueller Unannehmlichkeiten nach f2-f4.}
(12. f4 b5 13. cxb5 axb5 14. a3 $11 (14. Nxb5 Nxe4 15. Bxe4 Qxb5 $13) (14. Bxb5
Nxe4 15. Nxe4 Qxb5 $13 16. Nxd6 $4 Qc5+ {[%cal Rc5d6,Rc5g1]})) 12... Rfd8 (
12... b5 $5 {Dieser Zug wirkt riskant, aber Schwarz bekommt Gegenchancen.} 13.
cxb5 axb5 14. Bxb5 (14. Nxb5 Nxe4 15. Bxe4 Qxb5 16. Nd4 Qb6) 14... Nxe4 15.
Nxe4 Qxb5 16. Nxd6 Bxd6 17. Qxd6 Rxa2 $1 $11) 13. f4 Be8 (13... b5 $5) 14. a3
$14 {Weiß bereitet den Zug 15.b4 vor, der ihm großen Raumvorteil einbringt.
Die schwarze Stellung ist zwar fest, aber Weiß ist sehr aktiv.} Rac8 15. b4 Qc7
(15... Qh5 16. Be2 $14) 16. Qf3 Nb8 {In diesen Igelstellung steht der Springer
nützlicher auf d7. Schwarz überführt ihn.} 17. Ne3 {[%csl Ge3] Der Springer e3
verteidigt den c-Bauern und kann auch schnell zum Königsflügel gelangen.} b6
18. Qh3 $40 {[%cal Gd3h7,Gh3h7] Es droht noch nichts konkretes, aber die Dame
und der d3-Läufer beäugen h7. Spielt Schwarz jetzt ...g6 oder ...h6, wird
seine Königsstellung geschwächt, aber das ist beser als die Partiefortsetzung.}
Bc6 (18... h6 $5) 19. Rae1 Bb7 $2 (19... h6 $14) (19... Nbd7 $2 20. Ned5 $1 {
[%csl Gd5][%cal Rd5e7,Rd5c7] Dieser Zug und die Bauernzüge e5 oder f5 sind die
Hauptmotive in solchen Stellungen.} exd5 (20... Bxd5 21. cxd5 $18 {[%cal Rd5e6,
Rd3a6]}) 21. exd5 $18 {[%csl Rg8][%cal Rd5c6,Re1e7]}) {[#]} 20. e5 $1 $16 {
Dieser schöne Durchbruch entscheidet die Partie.} dxe5 21. Ncd5 $1 {[%csl Gd5]}
exd5 (21... Bxd5 22. Nxd5 exd5 23. Bxe5 Qd7 (23... Qb7 24. Bxf6 Bxf6 25. Qxh7+
Kf8 26. Qg8+ {[%cal Ge1e8]}) 24. Bf5 $18) 22. Bxe5 {[%csl Rg8]} dxc4 (22... Qd7
23. Bf5 $18) 23. Bf5 $1 (23. Bxc7 $6 Rxd3 $16 {Schwarz hat wenig Material für
die Dame, aber einige praktische Gegenchancen wegen der Kontrolle der weißen
Felder.}) 23... Bd6 (23... Qc6 24. Bxf6 Bxf6 25. Qxh7+ Kf8 26. Qh8+ Ke7 27.
Nxc4+ $18) 24. Bxf6 $18 g6 25. Ng4 $1 {Die weißen Hauptdrohungen sind 26.Nh6+
nebst 27.Qc3 und 26.Re3 nebst 27.Qxh7+ usw. Der schwarze König ist kaum zu
verteidigen.} h5 (25... Re8 26. Bg5 $18 {[%cal Rg4f6,Rf6g8]}) (25... gxf5 26.
Nh6+ Kf8 27. Qg3 $18 {[%csl Rf8]}) 26. Nh6+ Kf8 (26... Kh7 27. Qxh5 $18 {
[%csl Gf5,Gf6,Gh5,Gh6,Rh7]}) 27. Qc3 {[%csl Rf8][%cal Rf6g7,Rg7f8] Schwarz gab
auf. Er kann sich gegen Bg7+ nicht verteidigen.} 1-0

[Event "Wotulo Memorial"]
[Site "Jakarta"]
[Date "2001.03.25"]
[Round "4"]
[White "Zaw, Win Lay"]
[Black "Miezis, Normunds"]
[Result "1-0"]
[WhiteElo "2537"]
[BlackElo "2532"]
[Annotator "Ribli,Z"]
[PlyCount "87"]
[EventDate "2001.03.23"]
[EventType "tourn"]
[EventRounds "13"]
[EventCountry "INA"]
[EventCategory "8"]
[SourceTitle "CBM 083"]
[Source "ChessBase"]
[SourceDate "2001.07.05"]
[SourceVersion "1"]
[SourceVersionDate "2001.07.05"]
[SourceQuality "1"]

1. e4 c5 2. Nf3 e6 3. d4 cxd4 4. Nxd4 a6 5. Bd3 {Mit diesem Zug hält sich Weiß
die Möglichkeit offen, später c2-c4 zu ziehen. Heutzutage wird auch oft die
Alternative 5.Nc3 gespielt.} Nc6 6. Nxc6 dxc6 {Das ist die Lieblingsvariante
des lettischen GM. Die Bauernstellung ist symmetrisch, und Schwarz erreicht in
der Tat nahezu Ausgleich. Weiß hat aber etwas Entwicklungsvorsprung, und da
Schwarz noch e6-e5 ziehen muss, verliert er ein weiteres Tempo.} (6... bxc6 $6
7. O-O d5 8. c4 $1 $14) 7. O-O (7. Nd2) 7... e5 8. Nd2 Nf6 9. Qf3 {Eine
durchaus seltene Fortsetzung - Weiß möchte anschließend eventuell Qg3 ziehen.}
(9. Nc4 Qc7 10. a4 Be6 11. Qf3 h5 12. Be3 h4 13. h3 Nd7 14. a5 f6 15. Nb6 Nxb6
16. Bxb6 Qf7 17. Be2 Be7 {1/2-1/2 Sareen,V-Miezis,N/Calcutta IND 2001 (60)})
9... Qc7 (9... Be6 10. Nc4 Qc7 11. a4 a5 12. Be3 Nd7 13. Qg3 h5 14. f4 h4 15.
Qf2 h3 16. g3 f6 17. Rad1 exf4 18. gxf4 Rh6 19. Kh1 f5 {0-1 Staszewska,
A-Guzkowska,M/Polanczyk POL 2000/The Week in Chess 316 (35)}) 10. a4 (10. Qg3
Nh5 11. Qf3 g6 12. a4 Bg7 13. Nc4 O-O 14. Be3 Qe7 15. Nb6 Rb8 16. Nxc8 Rbxc8
17. a5 Nf4 18. Bc4 Kh8 19. c3 f5 20. exf5 Rxf5 21. Qe4 Qh4 22. f3 Rcf8 23. Bf2
Qg5 24. Bg3 h5 {0-1 Kashashvili,A-Miezis,N/Batumi 1999/CBM 74 (38)}) 10... h5 {
Diesen Zug wählt Miezis oft in solchen Stellungen. Der Zug gibt freilich zu
verstehen, dass Schwarz nicht kurz rochieren möchte.} (10... Bc5 11. Nc4 O-O
12. Ne3 Re8 13. Bc4 $14) 11. Nc4 h4 12. Bd2 {Weiß hat keine Angst vor 12...h3
und bereitet den Zug 13.Bc3 oder 13.Ba5 vor.} (12. h3 Bc5 13. c3 Be6 14. b4 Ba7
15. Rd1 Nh5 16. Be2 Kf8 17. Bg5 f6 18. Bxh4 Kg8 19. Nd6 g5 20. Bg3 g4 {0-1
Pozzi,E-Miezis,N/Porto San Giorgio 2000/EXT 2001 (47)}) 12... Bc5 (12... Bg4
13. Qe3 $14 {[%cal Ge3b6]}) (12... h3 $5 13. g3 Bc5 $13) 13. Bc3 Rh5 {Damit
verteidigt Schwarz den Pe5. Anschließend kann er Rg5 ziehen, mit Drohungen am
Königsflügel.} (13... Bg4 14. Bxe5 Bxf3 15. Bxc7 Bxe4 16. Bxe4 (16. Rae1 Kd7)
16... Nxe4 17. Rae1 (17. Bb6 O-O 18. Rfe1 Rae8 $11) 17... Kd7 18. Be5 $16 (18.
Bb6 Rae8 19. Rd1+ Ke6 20. Bxc5 Nxc5 21. Nd6 $14) (18. Rxe4 Kxc7 $11)) 14. h3
Qe7 $6 {Schwarz verhindert damit zwar den Zug 15.b4, in der Folge kann er
jedoch nicht mehr Be6 ziehen, weil die Qe7 dann nicht mehr den Pe5 verteidigt.}
(14... Be6 15. b4 Ba7 $11) 15. Rfb1 $14 {[%cal Gb2b4]} Rg5 $6 {[%cal Rg5g3]
Nun droht zwar 16...Rg3 nebst 17...Bxh3, aber der Turm wird später selbst
angreifbar.} (15... Bb4 16. Bxb4 Qxb4 17. c3 Qe7 $14) 16. Kh1 Ng4 {Das ist ein
ausgesprochen schöner, aber wenig effektiver Springerzug.} (16... Bb4 17. Bxb4
Qxb4 18. Qe3 $16 {[%csl Rg5]}) (16... Bd7 17. b4 Ba7 18. b5 $16) 17. Be1 (17.
hxg4 Bxg4 $19 {[%csl Rf3]}) 17... Rg6 {[%cal Rg6f6,Rf6f2]} 18. Qe2 Qf6 19. f3 {
[%mdl 256] Nach diesem Zug ist alles in der weißen Stellung verteidgt. Der
zuvor so stolze Springer muss sich nun zurückziehen.} (19. hxg4 $2 Bxg4 20. f3
Bh3 21. Ne3 (21. gxh3 Rg1+ 22. Kh2 Qf4+ $19) 21... Bxe3 22. Qxe3 Bxg2+ 23. Kh2
Qe6 $19) 19... Nh6 20. Bc3 $1 {[%csl Re5]} Rg5 (20... Bd4 21. Bxd4 exd4 22. e5
$18 {[%cal Rd3g6,Re5f6]}) {[#]} 21. f4 $1 $16 {Dieses vorübergehende
Bauernopfer bringt Weiß Materialgewinn ein.} Qxf4 22. Rf1 Qg3 23. Rf3 {[%csl
Rg3]} Ng4 {Was bleibt Schwarz anderes übrig? Dieser Zug hilft auch nichts,
aber so kann er noch eine Weile versuchen, im Trüben zu fischen.} 24. Rxg3 hxg3
{Droht 25...Nf2+. Schwarz hat aber nur einen R+P für die Q, und das ist
natürlich zu wenig.} (24... Nf2+ 25. Qxf2 $18) 25. Bd2 {[%mdl 1024]} (25. hxg4
$2 Bxg4 {[%csl Rh1][%cal Rg4e2,Rg5h5,Rh5h1]} 26. Qe3 $8 Bxe3 27. Nxe3 O-O-O $15
) (25. Be1 $18) 25... Rg6 (25... Nf2+ 26. Qxf2 $18) 26. Rf1 (26. hxg4 $5 Bxg4
27. Qe1 O-O-O (27... Bf2 28. Nxe5 Bxe1 (28... Ke7 29. Nxg6+ fxg6 30. Qxf2 $18)
29. Rxe1 $18) 28. Be3 Rh8+ 29. Kg1 Rgh6 30. Qxg3 $18) 26... Nf2+ 27. Rxf2 gxf2
28. Nxe5 $18 {Weiß hat großen Materialvorteil. Der Pf2 ist die letzte Hoffnung
von Schwarz. Doch auch die (wenig gefährlichen) schwarzen Drohungen kann Weiß
leicht parieren.} Rf6 29. Nf3 Be6 30. Bg5 {[%csl Rf2][%cal Rg5f6,Rg5h4,Rh4f2]}
(30. Be3 $2 f1=Q+ 31. Qxf1 Bxe3 $13) 30... O-O-O 31. Bh4 $5 (31. Bxf6 gxf6 $18
{Weiß steht auch in dieser Stellung auf Gewinn, aber es ist hier nicht so
leicht, den Pf2 zu eliminieren.}) 31... Rh8 32. Bxf2 Bxh3 33. gxh3 (33. Bxc5
$18) 33... Bxf2 (33... Rxh3+ 34. Kg2 Rfxf3 35. Qxf3 $18) 34. Qxf2 Rxh3+ 35. Kg2
Rfxf3 36. Qxf3 Rxf3 37. Kxf3 {Dieses Endspiel ist völlig aussichtslos für
Schwarz. Die weiße Mehrfigur entscheidet die Partie.} Kd7 38. e5 {Meiner
Meinung nach sollte ein GM in solch hoffnungsloser Stellung aufgeben.} Ke6 39.
Ke4 b5 40. axb5 axb5 41. b4 g5 42. Be2 f5+ 43. exf6 Kxf6 44. Kd4 {[%cal Rd4c5,
Rc5c6]} 1-0